Tilastot visalle Guineaa lähimmät maat - minuutin sprintti

Klikkaa tästä pelataksesi tätä visaa!

Yleistilastot

  • Tätä visaa on pelattu 2 kertaa
  • Keskiarvotulos 16 / 20

Vastaustilastot

kmmaa% Oikein
947Benin
100%
267Burkina Faso
100%
996Cabo Verde
100%
0Côte d'Ivoire
100%
74Gambia
100%
0Guinea-Bissau
100%
0Liberia
100%
0Mali
100%
1657Marokko
100%
280Mauritania
100%
1001Niger
100%
0Senegal
100%
875Togo
100%
1409Algeria
50%
540Ghana
50%
1831Kamerun
50%
1137Nigeria
50%
0Sierra Leone
50%
1684Espanja
0%
965Länsi-Sahara
0%

Tulosjakauma

Persentiili vastausten määrän mukaan

Jokaisen tuloksen saaneiden osuus

Tuloshistoriasi

Et ole pelannut tätä visaa